Shool of Management Introduction to Drawperfect

This book provide Drawperfect contains complete set of graph and types including pie, bar, scatter, hi-lo, stacked bar, area, and mixed, as well as text chars,...

Enregistré dans:
Détails bibliographiques
Format: Livre
Langue:Undetermined
Publié: U.S.A Wordperfect Corporation 1990
Sujets:
Tags: Ajouter un tag
Pas de tags, Soyez le premier à ajouter un tag!
Thư viện lưu trữ: Trung tâm Học liệu Trường Đại học Cần Thơ
LEADER 00644nam a2200169Ia 4500
001 CTU_159791
008 210402s9999 xx 000 0 und d
082 |a 006.6869 
082 |b S559 
245 0 |a Shool of Management Introduction to Drawperfect 
260 |a U.S.A 
260 |b Wordperfect Corporation 
260 |c 1990 
520 |a This book provide Drawperfect contains complete set of graph and types including pie, bar, scatter, hi-lo, stacked bar, area, and mixed, as well as text chars,... 
650 |a DrawPerfect,Đồ họa máy tính 
904 |i Hồng, Năm 
980 |a Trung tâm Học liệu Trường Đại học Cần Thơ